Into deep waters (Record no. 86890)
[ view plain ]
| 000 -LEADER | |
|---|---|
| fixed length control field | 02242nam a2200397 a 4500 |
| 082 04 - DEWEY DECIMAL CLASSIFICATION NUMBER | |
| Classification number | 286/.10922715 |
| 100 1# - MAIN ENTRY--AUTHOR NAME | |
| Personal name | Goodwin, Daniel C. |
| 245 10 - TITLE STATEMENT | |
| Title | Into deep waters |
| 260 ## - PUBLICATION, DISTRIBUTION, ETC. (IMPRINT) | |
| Place of publication | Montreal : |
| Name of publisher | McGill-Queen's University Press, |
| Year of publication | 2010. |
| 300 ## - PHYSICAL DESCRIPTION | |
| Number of Pages | xiv, 330 p. |
| 490 1# - SERIES STATEMENT | |
| Series statement | McGill-Queen's studies in the history of religion. Series two ; |
| 505 0# - FORMATTED CONTENTS NOTE | |
| Formatted contents note | Baptismal practice, popular spirituality, and the formation of religious identity among maritime regular baptists -- Harris Harding : a keeper of radical evangelical piety -- Joseph Crandall : the Baptist Patriarch of New Brunswick -- Edward Manning and the search for a balanced evangelicalism -- To wage war against the Baptists : the maritime baptismal controversy, 1811-1848 -- Charles Tupper : the making of a formal evangelical -- Ingraham E. Bill : a son of the fathers -- Samuel Elder : a formal and genteel evangelical ministry -- The faith of the fathers. |
| 650 #0 - SUBJECT ADDED ENTRY--TOPICAL TERM | |
| Topical Term | Baptists |
| Topical Term | Evangelicalism |
| Topical Term | Baptists |
| 856 40 - ELECTRONIC LOCATION AND ACCESS | |
| Uniform Resource Identifier | http://site.ebrary.com/lib/rucke/Doc?id=10577884 |
No items available.
